| 000 | 00785nam a2200205 a 4500 | ||
|---|---|---|---|
| 003 | 0 | ||
| 005 | 20250306110757.0 | ||
| 008 | 101013s19uu xx 00 eng d | ||
| 050 |
_aPHS LB 1607 _b.C36 2010 |
||
| 100 | _aChan, Mei Yuen Ann. | ||
| 245 |
_aStudy habits of non Filipino students living with parents and guardians / _cMei Yuen Ann Chan. |
||
| 260 |
_aLas PiƱas City, Philippines : _bSouthville International School and Colleges, _c2010. |
||
| 300 |
_a26 pages : _billustrations ; _c30 cm. |
||
| 504 | _aIncludes bibliographical references. | ||
| 650 |
_aStudy skills _xForeign students. |
||
| 650 |
_aEducation _xStudy habits _vCross-cultural studies. |
||
| 650 |
_aAcademic achievement _xForeign students. |
||
| 650 |
_aStudents _xFamily relationships. |
||
| 942 |
_2lcc _cPASS |
||
| 999 |
_c98465 _d98465 |
||